Statistics for Državni Posao - Kviz #1

Click here to take the quiz!

General Stats

  • This quiz has been taken 4,646 times
  • The average score is 15 of 20

Answer Stats

Pitanje Odgovor % Correct
Dopuni: Dragan ____ Torbica.Jove
98%
Koje se slovo piše, ali se ne čita u Živanovom prezimenu?D
96%
U kom gradu se nalazi preduzeće glavnih junaka?U Novom Sadu
95%
Koji je nadimak Laze Malinačkog?Laza Masni
93%
Kako se zove Draganovo ‚‚dijete"Milica
92%
Kako se zove kobasičarija u kojoj je Djordje Čvarkov radio?Venac
88%
Odakle je Živan poreklom?Iz Majdanpeka
83%
Kako se zove Djordjetova farma?‚‚Čvarkov i baba''
82%
Gde je Dragan završio fakultet?U Sarajevu
79%
U koju zemlju su izvezene čačkalice tupe sa obe strane?Čad
79%
Za koje mesto se vezuje dogadjaj iz prošlosti arhivatora koji je večita misterija?Za Gajdobru
75%
Dopuni: Uvaženi kolega ________Ubiparip
74%
Odakle su Boškići poreklom?Iz Arilja
72%
Kako je ime i prezime Tetku?Radenko Salapura
66%
Ko je smestio odlazaku zatvor arhivatorima?Rade Kornjača
66%
Kako se zove Milanov metal bend?Crna Svadba
66%
Kako se zove arhineprijatelj Djordja Čvarkova?Bela Mihalji
65%
Gde je Boškić upoznao Sabine?U Cavtatu
54%
Dopuni: Stana Kočić ________Muškarac
53%
Kako se zvala stranka glavnih junaka?PAS
37%

Score Distribution

Percentile by Number Answered

Percent of People with Each Score

Your Score History

You have not taken this quiz